| 000 | 00514cam a22002054a 4500 | ||
|---|---|---|---|
| 005 | 20250605164320.0 | ||
| 008 | 250528s ||||||||||||||||||||||||d | ||
| 035 | _a22888 | ||
| 020 | _a9780521680967 | ||
| 040 |
_aGR-AtMCL _bgre _dGR-AtMCL _eAACR2 |
||
| 245 | 1 | _aNEW INSIGHT INTO IELTS WORKBOOK | |
| 250 | _a1 | ||
| 260 |
_bCambridge University Press, _c2008 |
||
| 300 | _a144 | ||
| 700 | 1 |
_aJakeman Vanessa _97627 |
|
| 700 | 1 |
_aMcdowell Clare _97628 |
|
| 942 | _cBK | ||
| 999 |
_c7932 _d7932 |
||